[Event "VIII Weekend B"]
[Site "Porto Sant'Elpidio ITA"]
[Date "2005.11.26"]
[Round "4"]
[White "Senigagliesi, Eros"]
[Black "Ripa', Daniele"]
[Result "1-0"]
[WhiteElo "1641"]
[BlackElo "1548"]
[PlyCount "89"]
[EventDate "2005.11.19"]

1. e4 c5 2. Nf3 d6 3. d4 cxd4 4. Nxd4 Nf6 5. Nc3 a6 6. f3 e5 7. Nb3 Be6 8. Bg5
Be7 9. Qd2 O-O 10. Be2 Nbd7 11. O-O Re8 12. Rad1 Qc7 13. Be3 b5 14. Nc1 Rac8
15. a3 Nb6 16. Bxb6 Qxb6+ 17. Kh1 Qc7 18. Bd3 Red8 19. f4 Bc4 20. Rf3 Qc5 21.
fxe5 dxe5 22. Qe1 Rd7 23. Qg3 Rcd8 24. Rf5 Qc7 25. Rdf1 Kh8 26. Bxc4 Qxc4 27.
Nd3 Qe6 28. Rxe5 Bd6 29. Rxe6 Bxg3 30. Rxa6 Bc7 31. Nxb5 Nxe4 32. Nxc7 Rxc7 33.
Nb4 g6 34. Rc6 Rcd7 35. Nd3 Kg7 36. g3 Rd4 37. b4 Ra8 38. Ra1 Rd7 39. a4 Nf6
40. a5 Nd5 41. b5 Rda7 42. a6 Nb6 43. Rxb6 Rc7 44. Rc6 Rca7 45. Nc5 1-0

[Event "VIII Weekend B"]
[Site "Porto Sant'Elpidio ITA"]
[Date "2005.11.27"]
[Round "5"]
[White "Di Cicco, Daniela"]
[Black "Cargini, Fabio"]
[Result "0-1"]
[WhiteElo "1281"]
[BlackElo "1548"]
[PlyCount "102"]
[EventDate "2005.11.19"]

1. d4 d5 2. Nf3 Nc6 3. c3 Nf6 4. h3 Bf5 5. Bf4 e6 6. Nbd2 Bd6 7. Ne5 O-O 8.
Ndf3 Ne7 9. Qd2 Ne4 10. Qe3 c5 11. g4 Bg6 12. Nxg6 Nxg6 13. Bxd6 Qxd6 14. dxc5
Nxc5 15. Nd4 a6 16. Bg2 Rac8 17. Qg3 Qb6 18. b3 Nd7 19. O-O Rc7 20. e4 Nf6 21.
exd5 Nxd5 22. Bxd5 exd5 23. Rfe1 Rfc8 24. Re3 Qa5 25. Ne2 Qa3 26. Rd3 Qb2 27.
Re1 Qxa2 28. Rxd5 Qxb3 29. Rd3 Qb2 30. Rd8+ Rxd8 31. Qxc7 Rd2 32. Qc4 h6 33.
Qc8+ Kh7 34. Qc4 b5 35. Qe4 Qc2 36. Qe3 Rd1 37. Nd4 Rxe1+ 38. Qxe1 Qb2 39. Nf5
Nf4 40. Kh2 Nd3 41. Qe3 Qxf2+ 42. Qxf2 Nxf2 43. Nd4 Nd1 44. Ne2 Kg6 45. Kg3 a5
46. Nf4+ Kf6 47. Nh5+ Ke5 48. Kf3 a4 49. c4 bxc4 50. Ke2 a3 51. Ng3 a2 0-1

[Event "VIII Weekend B"]
[Site "Porto Sant'Elpidio ITA"]
[Date "2005.11.27"]
[Round "5"]
[White "Faini, Marco"]
[Black "Senigagliesi, Eros"]
[Result "0-1"]
[WhiteElo "1524"]
[BlackElo "1641"]
[PlyCount "174"]
[EventDate "2005.11.19"]

1. d4 Nf6 2. Nf3 g6 3. c4 Bg7 4. Nc3 d6 5. e4 c6 6. Bd3 O-O 7. O-O Qc7 8. Be3
Nbd7 9. Qd2 Re8 10. Bh6 Bh8 11. Rad1 c5 12. d5 Ng4 13. Bf4 Nge5 14. Be2 Nxf3+
15. Bxf3 Ne5 16. Be2 Bd7 17. b3 a6 18. Rfe1 Qa5 19. Nb1 Qc7 20. Qc2 b5 21. Nd2
Reb8 22. Rb1 Rb7 23. Nf3 Nxf3+ 24. Bxf3 Rab8 25. Bd2 bxc4 26. bxc4 Rb2 27. Rxb2
Rxb2 28. Qd3 Rxa2 29. Rb1 Ra1 30. Rxa1 Bxa1 31. Qa3 Bd4 32. Qxa6 Qb8 33. Qa2 f5
34. g3 fxe4 35. Bxe4 Bg4 36. Bg2 Qb2 37. Qxb2 Bxb2 38. Bf1 Bd1 39. Bd3 Kg7 40.
Kg2 Kf6 41. f4 e6 42. dxe6 Kxe6 43. Be4 Bd4 44. Bd5+ Kf5 45. h3 h5 46. Be1 Bc2
47. Kf3 Bd1+ 48. Kg2 g5 49. Bd2 g4 50. h4 Kf6 51. Be1 Bc2 52. Bf2 Bc3 53. Be3
Bg6 54. Kf1 Bf7 55. Bxf7 Kxf7 56. Ke2 Kf6 57. Bf2 Kf5 58. Kd3 Bf6 59. Be3 Be7
60. Bf2 Bxh4 61. gxh4 Kxf4 62. Be3+ Kf3 63. Bg1 g3 64. Be3 Kg4 65. Ke4 Kxh4 66.
Kd5 Kg4 67. Kxd6 h4 68. Bxc5 h3 69. Bg1 h2 70. Bxh2 gxh2 71. c5 h1=Q 72. c6
Qh6+ 73. Kd7 Qg7+ 74. Kc8 Qf8+ 75. Kb7 Qb4+ 76. Kc8 Qb6 77. c7 Kf5 78. Kd7 Qb7
79. Kd8 Qd5+ 80. Ke7 Qe6+ 81. Kd8 Kf6 82. c8=N Qd5+ 83. Kc7 Qa5+ 84. Nb6 Qc5+
85. Kb7 Ke7 86. Nc8+ Kd7 87. Nb6+ Ke6 0-1

[Event "VIII Weekend B"]
[Site "Porto Sant'Elpidio ITA"]
[Date "2005.11.27"]
[Round "5"]
[White "Fratini, Mauro"]
[Black "Di Blasio, Walter"]
[Result "1-0"]
[WhiteElo "1724"]
[BlackElo "1691"]
[PlyCount "69"]
[EventDate "2005.11.19"]

1. d4 d5 2. Nf3 Nf6 3. Bf4 e6 4. e3 Bd6 5. Bg5 h6 6. Bh4 Be7 7. Nbd2 O-O 8. Bd3
b6 9. Ne5 Bb7 10. O-O Nbd7 11. f4 c5 12. c3 Rc8 13. Qf3 Ne4 14. Bxe4 Bxh4 15.
Bc2 cxd4 16. exd4 Ba6 17. Rfd1 Be7 18. Nf1 Nxe5 19. fxe5 Qc7 20. Qh3 Bg5 21.
Re1 Bxf1 22. Rxf1 b5 23. a3 Qc4 24. Bd3 Qc6 25. Rf3 g6 26. Raf1 Kg7 27. Qg3 Qe8
28. Qf2 Rc7 29. h4 Bd8 30. h5 gxh5 31. Rg3+ Bg5 32. Qf6+ Kg8 33. Rxg5+ hxg5 34.
Qxg5+ Kh8 35. Qh6+ 1-0

[Event "VIII Weekend B"]
[Site "Porto Sant'Elpidio ITA"]
[Date "2005.11.27"]
[Round "5"]
[White "Marinucci, Johnny"]
[Black "Trancanelli, Claudio"]
[Result "1/2-1/2"]
[WhiteElo "1727"]
[BlackElo "1693"]
[PlyCount "118"]
[EventDate "2005.11.19"]

1. d4 Nf6 2. Nf3 e6 3. Bf4 d5 4. e3 c5 5. c3 Nc6 6. Nbd2 Bd7 7. Bd3 cxd4 8.
exd4 Be7 9. Ne5 O-O 10. h4 Nxe5 11. dxe5 Ne8 12. Bxh7+ Kxh7 13. Qh5+ Kg8 14.
Nf3 f6 15. Ng5 fxg5 16. hxg5 Bxg5 17. Bxg5 Qb6 18. Qh7+ Kf7 19. Rh3 Qxb2 20.
Rf3+ Nf6 21. Rxf6+ Ke8 22. Qg6+ Kd8 23. Rxf8+ Kc7 24. Rxa8 Qxc3+ 25. Bd2 Qxa1+
26. Ke2 Bb5+ 27. Kf3 Qd1+ 28. Kg3 Qxd2 29. Qxg7+ Kb6 30. Rc8 Bc6 31. a4 Qd3+
32. Kh2 Qf5 33. Rf8 Qh5+ 34. Kg3 d4 35. Rf4 Qd1 36. Qg4 Qxg4+ 37. Rxg4 Kc5 38.
Kf4 Bxa4 39. Rg7 Bc6 40. Re7 Kd5 41. g4 d3 42. Ke3 Kxe5 43. f4+ Kf6 44. Rc7 e5
45. g5+ Ke6 46. fxe5 Kxe5 47. g6 Kf6 48. g7 Bd5 49. Rxb7 Bg8 50. Rxa7 Bh7 51.
Rd7 Ke6 52. Rxd3 Kf7 53. Rd7+ Ke6 54. Ra7 Kf6 55. Kf4 Bg8 56. Rc7 Bb3 57. Ke4
Bg8 58. Kd4 Kg6 59. Kc5 Bf7 1/2-1/2

[Event "VIII Weekend B"]
[Site "Porto Sant'Elpidio ITA"]
[Date "2005.11.27"]
[Round "5"]
[White "Olivieri, Gianni"]
[Black "Morelli, Basilio"]
[Result "0-1"]
[WhiteElo "1634"]
[BlackElo "1527"]
[PlyCount "96"]
[EventDate "2005.11.19"]

1. d4 d5 2. c4 e6 3. Nf3 Nf6 4. Nc3 Be7 5. e3 O-O 6. Bd3 b6 7. cxd5 Nxd5 8.
Nxd5 Qxd5 9. Qc2 Bb4+ 10. Bd2 Bxd2+ 11. Qxd2 Bb7 12. Qc2 g6 13. b4 Nc6 14. Be4
Nxb4 15. Bxd5 Nxc2+ 16. Kd2 Bxd5 17. Kxc2 Be4+ 18. Kd2 Rad8 19. Rhg1 c5 20. a3
cxd4 21. exd4 f6 22. Ke3 Bd5 23. Rab1 Rc8 24. Rbc1 b5 25. Nd2 Rfe8 26. Ne4 Bxe4
27. Kxe4 Kf7 28. f4 Rc4 29. Kd3 Rec8 30. Rxc4 Rxc4 31. Ra1 Ke7 32. a4 Rxa4 33.
Rxa4 bxa4 34. Kc4 a3 35. Kb3 a2 36. Kxa2 Kd6 37. Kb3 Kd5 38. Kc3 a5 39. Kd3 a4
40. g3 f5 41. Kc3 a3 42. Kb3 a2 43. Kxa2 Kxd4 44. Kb3 Ke3 45. Kc4 Kf3 46. Kd4
Kg2 47. Ke5 Kxh2 48. Kxe6 Kxg3 0-1

[Event "VIII Weekend B"]
[Site "Porto Sant'Elpidio ITA"]
[Date "2005.11.27"]
[Round "5"]
[White "Ragnini, Damiano"]
[Black "Cellini, Francesco"]
[Result "1-0"]
[WhiteElo "1532"]
[BlackElo "1506"]
[PlyCount "77"]
[EventDate "2005.11.19"]

1. e4 c6 2. d4 d5 3. e5 Bf5 4. Be2 e6 5. Nf3 Bb4+ 6. c3 Ba5 7. Nbd2 Nd7 8. b4
Bb6 9. a4 a5 10. b5 Ne7 11. c4 c5 12. Nb3 Qc7 13. Ba3 dxc4 14. Bxc4 cxd4 15.
Rc1 Nxe5 16. Be2 Nxf3+ 17. Bxf3 Qd7 18. O-O O-O 19. Qd2 e5 20. Qg5 f6 21. Qg3
Rac8 22. h4 e4 23. Bxe7 Qxe7 24. Bg4 Bxg4 25. Qxg4 f5 26. Qh3 Qb4 27. Rxc8 Rxc8
28. Qxf5 Rf8 29. Qe6+ Kh8 30. Qxb6 Qxb3 31. Qxd4 Qe6 32. Rd1 Qg4 33. Qd6 Rg8
34. g3 e3 35. fxe3 Qxa4 36. Qd5 Qg4 37. Kh2 Qe2+ 38. Kh3 Qxb5 39. Qxb5 1-0

[Event "VIII Weekend B"]
[Site "Porto Sant'Elpidio ITA"]
[Date "2005.11.27"]
[Round "5"]
[White "Ripa', Daniele"]
[Black "Piergentili, Roberto"]
[Result "1/2-1/2"]
[WhiteElo "1548"]
[BlackElo "1652"]
[PlyCount "80"]
[EventDate "2005.11.19"]

1. e4 c5 2. Nf3 d6 3. d4 cxd4 4. Nxd4 Nf6 5. Nc3 a6 6. Be3 e5 7. Nb3 Be7 8. f3
Be6 9. Qd2 Nc6 10. O-O-O b5 11. g4 Rc8 12. h4 Qc7 13. h5 Nd7 14. Be2 Nb6 15.
Bxb6 Qxb6 16. Nd5 Bxd5 17. exd5 Nb8 18. Bd3 Qc7 19. Kb1 h6 20. f4 Nd7 21. Bf5
Ra8 22. Nc1 exf4 23. Qxf4 Bg5 24. Qe4+ Kd8 25. Rde1 Nf6 26. Qd4 Re8 27. Nd3 a5
28. Nf2 Qc5 29. Qxc5 dxc5 30. Rxe8+ Kxe8 31. Re1+ Kf8 32. d6 Rd8 33. Re5 Rxd6
34. Rxc5 Be3 35. Rc8+ Ke7 36. Nd3 g6 37. Rc7+ Kd8 38. Rc8+ Ke7 39. Rc7+ Kd8 40.
Rc8+ Ke7 1/2-1/2

[Event "VIII Weekend B"]
[Site "Porto Sant'Elpidio ITA"]
[Date "2005.11.27"]
[Round "5"]
[White "Santarelli, Enrico"]
[Black "Baleani, Emanuele"]
[Result "1-0"]
[WhiteElo "1488"]
[BlackElo "1744"]
[PlyCount "120"]
[EventDate "2005.11.19"]

1. d4 e5 2. dxe5 Nc6 3. Nf3 Qe7 4. e3 Nxe5 5. Nc3 Nf6 6. b3 g6 7. a3 Bg7 8. Rb1
O-O 9. Be2 Nxf3+ 10. Bxf3 c6 11. O-O d5 12. h3 Nd7 13. Qe1 Re8 14. Bd1 d4 15.
Ne2 dxe3 16. Bxe3 Qxa3 17. Qd2 Qa2 18. Qc1 Qa5 19. Bd4 Rxe2 20. Bxg7 Re1 21.
Qb2 Ne5 22. b4 Rxf1+ 23. Kxf1 Nc4 24. bxa5 Nxb2 25. Bxb2 Bf5 26. g4 Be4 27. f3
Bd5 28. Be2 Re8 29. Re1 b6 30. axb6 axb6 31. Bf6 b5 32. Ra1 h6 33. h4 Kh7 34.
Kf2 Kg8 35. Ra7 Kh7 36. Rd7 Kg8 37. Bd3 Kf8 38. f4 Be6 39. Rd6 Bd5 40. g5 hxg5
41. hxg5 Kg8 42. Bxb5 Rc8 43. Bd3 Be6 44. Ke3 c5 45. c4 Re8 46. Rd8 Rxd8 47.
Bxd8 Kf8 48. Bb6 Kg7 49. Bxc5 f6 50. Bd4 Kf7 51. Bxf6 Bc8 52. Kd4 Bd7 53. Ke5
Ba4 54. Kd6 Bb3 55. c5 Be6 56. Be4 Bc8 57. c6 Be6 58. Bd5 Bxd5 59. Kxd5 Ke8 60.
Kd6 Kf8 1-0

[Event "VIII Weekend B"]
[Site "Porto Sant'Elpidio ITA"]
[Date "2005.11.27"]
[Round "6"]
[White "Agostini, Renzo"]
[Black "Perdichizzi, Roberto"]
[Result "0-1"]
[WhiteElo "1389"]
[BlackElo "1425"]
[PlyCount "66"]
[EventDate "2005.11.19"]

1. e4 d6 2. c3 Nf6 3. d3 g6 4. Bg5 Bg7 5. Nd2 Nbd7 6. Ngf3 a5 7. d4 O-O 8. Bd3
e5 9. O-O h6 10. Bh4 g5 11. Bg3 Nh5 12. Bc2 Nxg3 13. fxg3 Nb6 14. a4 f5 15.
Bb3+ Kh8 16. Qe2 Qe7 17. Qd3 fxe4 18. Nxe4 Bf5 19. Qe2 Be6 20. Bc2 Bc4 21. Bd3
Qe6 22. Nexg5 Bxd3 23. Qxd3 hxg5 24. Nxg5 Qh6 25. Nf7+ Rxf7 26. Rxf7 Rc8 27.
Raf1 Nxa4 28. R1f3 Nxb2 29. Qe4 Rf8 30. g4 Kg8 31. Rh3 Qc1+ 32. Kf2 Rxf7+ 33.
Kg3 Qf4+ 0-1

[Event "VIII Weekend B"]
[Site "Porto Sant'Elpidio ITA"]
[Date "2005.11.27"]
[Round "6"]
[White "Battistelli, Gianluca"]
[Black "Baleani, Emanuele"]
[Result "1-0"]
[WhiteElo "1545"]
[BlackElo "1744"]
[PlyCount "72"]
[EventDate "2005.11.19"]

1. e4 c5 2. Nf3 d6 3. d4 cxd4 4. Nxd4 Nf6 5. Nc3 a6 6. Bg5 e6 7. f3 Be7 8. Qd2
b5 9. a3 Bb7 10. g4 Nbd7 11. O-O-O Rc8 12. Kb1 h6 13. Be3 d5 14. Bg2 dxe4 15.
Nxe4 Bxe4 16. fxe4 Nxg4 17. Bg1 Nge5 18. Qe2 Qc7 19. h4 Bf6 20. Bh2 Qc5 21.
Rhf1 Nc4 22. Nb3 Nxa3+ 23. bxa3 Qc3 24. Rxf6 Nxf6 25. Bd6 e5 26. Bb4 Qc4 27.
Qd2 Qc6 28. Bh3 Ra8 29. Qh2 Qc7 30. Bd6 Qc3 31. Bxe5 Qf3 32. Rd3 Qxe4 33. Bd6
Ng4 34. Bxg4 Qxg4 35. Qe5+ Qe6 36. Qxg7 Kd7 1-0

[Event "VIII Weekend B"]
[Site "Porto Sant'Elpidio ITA"]
[Date "2005.11.27"]
[Round "6"]
[White "Cellini, Francesco"]
[Black "Menichelli, Alessandro"]
[Result "0-1"]
[WhiteElo "1506"]
[BlackElo "1493"]
[PlyCount "86"]
[EventDate "2005.11.19"]

1. c4 Nf6 2. g3 e6 3. Nc3 Bc5 4. d4 Be7 5. Bg2 d5 6. cxd5 Nxd5 7. e4 Nxc3 8.
bxc3 c5 9. Qg4 cxd4 10. Nf3 dxc3 11. O-O e5 12. Qxg7 Bf6 13. Qh6 Nd7 14. Bg5
Bxg5 15. Nxg5 Qb6 16. Qh5 Qg6 17. Qxg6 hxg6 18. Rac1 Nc5 19. Rxc3 b6 20. Rfc1
f6 21. Nf3 Bd7 22. Nd2 Ke7 23. Nb3 Nxb3 24. axb3 Rac8 25. Rc7 a5 26. Bf1 Kd6
27. R7c2 Rxc2 28. Rxc2 Rc8 29. Rd2+ Ke7 30. h4 Rc1 31. Kg2 Bh3+ 32. Kxh3 Rxf1
33. Kg4 Re1 34. Kf3 Rb1 35. Rd3 b5 36. g4 a4 37. bxa4 bxa4 38. Ra3 Rb3+ 39.
Rxb3 axb3 40. h5 gxh5 41. gxh5 b2 42. Kg4 b1=Q 43. h6 Qh1 0-1

[Event "VIII Weekend B"]
[Site "Porto Sant'Elpidio ITA"]
[Date "2005.11.27"]
[Round "6"]
[White "Di Blasio, Walter"]
[Black "Ragnini, Damiano"]
[Result "1/2-1/2"]
[WhiteElo "1691"]
[BlackElo "1532"]
[PlyCount "170"]
[EventDate "2005.11.19"]

1. d4 Nf6 2. c4 c5 3. d5 d6 4. Nc3 e6 5. e4 exd5 6. exd5 Be7 7. Bd3 Bg4 8. f3
Bh5 9. Nge2 Nbd7 10. Bf4 a6 11. g4 Bg6 12. Bxg6 hxg6 13. Qa4 Nh7 14. Ne4 Bh4+
15. N2g3 O-O 16. Bxd6 Re8 17. O-O Nb6 18. Qc2 Nf6 19. Bxc5 Nbd7 20. Bf2 Ne5 21.
Bd4 Nfd7 22. Nd6 Re7 23. Nge4 Qc7 24. c5 b5 25. Nxb5 Qb7 26. d6 Nxf3+ 27. Rxf3
Rxe4 28. c6 Rxg4+ 29. Kh1 Qxb5 30. cxd7 Rxd4 31. Qc8+ Rxc8 32. dxc8=Q+ Kh7 33.
Qh3 Qd5 34. d7 Rd1+ 35. Rxd1 Qxd1+ 36. Rf1 Qd5+ 37. Qf3 Qxd7 38. Qxf7 Qb5 39.
b3 Qc6+ 40. Qf3 Qc2 41. a4 Bf6 42. Qh3+ Kg8 43. Qe6+ Kh7 44. Qc4 Qd2 45. Rxf6
gxf6 46. Qf7+ Kh6 47. Qf8+ Kg5 48. h4+ Kg4 49. Qxf6 Qe1+ 50. Kg2 Qg3+ 51. Kf1
Qh3+ 52. Ke2 Qh2+ 53. Kd3 Qg3+ 54. Kc4 Qc7+ 55. Kb4 a5+ 56. Kb5 Qb7+ 57. Kc5
Qxb3 58. Qg5+ Kh3 59. Qf4 Qc3+ 60. Kb5 Qe1 61. Qg5 Qc3 62. Qxg6 Qd2 63. Kb6
Kxh4 64. Qc6 Qd8+ 65. Qc7 Qd2 66. Qc4+ Kg5 67. Qc5+ Kf6 68. Qxa5 Qd4+ 69. Kc6
Ke6 70. Qe1+ Kf7 71. a5 Qc4+ 72. Kb6 Qd4+ 73. Kb7 Qd7+ 74. Kb6 Qd4+ 75. Kc6
Qc4+ 76. Kd6 Qd4+ 77. Kc6 Qc4+ 78. Kd6 Qd4+ 79. Kc7 Qc5+ 80. Kd8 Qd6+ 81. Kc8
Qc6+ 82. Kb8 Qb5+ 83. Ka7 Qc5+ 84. Ka6 Qc6+ 85. Ka7 Qc7+ 1/2-1/2

[Event "VIII Weekend B"]
[Site "Porto Sant'Elpidio ITA"]
[Date "2005.11.27"]
[Round "6"]
[White "Marinucci, Johnny"]
[Black "Santarelli, Enrico"]
[Result "1/2-1/2"]
[WhiteElo "1727"]
[BlackElo "1488"]
[PlyCount "162"]
[EventDate "2005.11.19"]

1. d4 d5 2. Nf3 Nf6 3. Bf4 e6 4. e3 Be7 5. Nbd2 c5 6. c3 Nc6 7. Bd3 b6 8. Bb5
Bd7 9. h4 a6 10. Bd3 cxd4 11. exd4 Bc8 12. Ne5 Bb7 13. Qe2 Nb8 14. g4 Nbd7 15.
Ndf3 Nxe5 16. Bxe5 Bd6 17. g5 Bxe5 18. Qxe5 Nh5 19. Kd2 Rc8 20. Rhe1 Qc7 21.
Qf5 Qf4+ 22. Qxf4 Nxf4 23. Bf1 Ng6 24. h5 Nf8 25. Ne5 Nd7 26. f4 Nxe5 27. Rxe5
g6 28. h6 O-O 29. Rae1 a5 30. Bd3 Ra8 31. Rc1 Rfc8 32. Be2 Ba6 33. Bg4 a4 34.
Ree1 Bc4 35. Ra1 Kf8 36. Rec1 Ke7 37. Bd1 Bb5 38. b3 a3 39. Bc2 Rc7 40. Bd3
Bxd3 41. Kxd3 b5 42. Rc2 Rac8 43. Rac1 Kd6 44. c4 b4 45. c5+ Kc6 46. Re1 Re7
47. Rf2 Rce8 48. Ke3 Rf8 49. Kf3 f6 50. gxf6 Rxf6 51. Kg4 Kd7 52. Kg5 Rf5+ 53.
Kg4 Ref7 54. Rc1 Kc6 55. Re1 R7f6 56. Kg3 Rh5 57. Rfe2 Kd7 58. c6+ Kxc6 59.
Rxe6+ Rxe6 60. Rxe6+ Kb5 61. Re5 Rxh6 62. Rxd5+ Kc6 63. Re5 Rh1 64. Re7 Ra1 65.
Re2 Kd5 66. Rd2 Rb1 67. Rc2 Kxd4 68. Rc4+ Kd5 69. Rxb4 Kc5 70. Ra4 Rg1+ 71. Kf2
Rg4 72. Kf3 Rg1 73. Rxa3 h5 74. Ra4 Rf1+ 75. Kg2 Rd1 76. Rc4+ Kb5 77. a4+ Ka5
78. Rc5+ Ka6 79. Rb5 Rd3 80. Kh2 Re3 81. Kg2 Rd3 1/2-1/2

[Event "VIII Weekend B"]
[Site "Porto Sant'Elpidio ITA"]
[Date "2005.11.27"]
[Round "6"]
[White "Morelli, Basilio"]
[Black "Fratini, Mauro"]
[Result "1/2-1/2"]
[WhiteElo "1527"]
[BlackElo "1724"]
[PlyCount "112"]
[EventDate "2005.11.19"]

1. d4 d5 2. Nf3 Nf6 3. Bf4 c5 4. c3 Nc6 5. e3 Qb6 6. Qc1 Bf5 7. Nbd2 Rc8 8. Be2
e6 9. h3 Be7 10. Nh4 Be4 11. f3 Bg6 12. Nxg6 hxg6 13. Qc2 Nh5 14. O-O-O Nxf4
15. exf4 cxd4 16. c4 O-O 17. Kb1 Nb4 18. Qb3 a5 19. a4 Qd6 20. g3 Na6 21. Rc1
Nc5 22. Qa2 d3 23. Bd1 Rc6 24. cxd5 exd5 25. Nb3 Bf6 26. Nxc5 Rxc5 27. Rxc5
Qxc5 28. Qb3 Rc8 29. Rh2 Qc1+ 30. Ka2 Qc4 31. Rd2 Qc1 32. Qxd3 Rc4 33. Bb3 Rd4
34. Rc2 Qg1 35. Rc8+ Kh7 36. Qb5 Qf2 37. Rc2 Qxg3 38. Bxd5 Qxf4 39. Be4 Qe5 40.
Qxe5 Bxe5 41. b3 b6 42. Rc4 Rxc4 43. bxc4 Bd6 44. Kb3 Kh6 45. Kc2 Kh5 46. Bd5
f5 47. Bf7 Kg5 48. Kd3 Bc5 49. Ke2 Kf6 50. Be8 g5 51. Kf1 Ke5 52. Kg2 Kf4 53.
Bd7 Ke5 54. Kg3 Kd4 55. Bb5 Ke3 56. Bd7 Ke2 1/2-1/2

[Event "VIII Weekend B"]
[Site "Porto Sant'Elpidio ITA"]
[Date "2005.11.27"]
[Round "6"]
[White "Olivieri, Gianni"]
[Black "Di Cicco, Daniela"]
[Result "1-0"]
[WhiteElo "1634"]
[BlackElo "1281"]
[PlyCount "47"]
[EventDate "2005.11.19"]

1. d4 d5 2. c4 Nf6 3. Nf3 e6 4. Nc3 Be7 5. e3 O-O 6. cxd5 exd5 7. Bd3 Be6 8.
O-O a6 9. a3 Nbd7 10. b4 b5 11. Bb2 Qb8 12. Ne2 Bd6 13. Ng3 h6 14. Ne5 Qb7 15.
Qc2 Rac8 16. f4 Ng4 17. Rf3 Ngxe5 18. fxe5 Be7 19. Qf2 f6 20. Nf5 Rce8 21. Nxg7
Kxg7 22. Qg3+ Kh8 23. Qg6 Bg8 24. Qxh6+ 1-0

[Event "VIII Weekend B"]
[Site "Porto Sant'Elpidio ITA"]
[Date "2005.11.27"]
[Round "6"]
[White "Senigagliesi, Eros"]
[Black "Piergentili, Roberto"]
[Result "1/2-1/2"]
[WhiteElo "1641"]
[BlackElo "1652"]
[PlyCount "65"]
[EventDate "2005.11.19"]

1. e4 c5 2. Nf3 d6 3. d4 cxd4 4. Nxd4 Nf6 5. Nc3 a6 6. f3 e5 7. Nb3 Be7 8. Be3
Be6 9. Bd3 Nc6 10. Qe2 Nb4 11. Rd1 Nxd3+ 12. Qxd3 Rc8 13. Nd2 d5 14. exd5 Nxd5
15. Nde4 Nxe3 16. Qxe3 Qa5 17. a3 O-O 18. Ra1 Rfd8 19. g4 Bh4+ 20. Ng3 Rd7 21.
O-O Qc7 22. Rad1 Rcd8 23. Rxd7 Rxd7 24. Nge4 Be7 25. Rf2 f5 26. gxf5 Bxf5 27.
Kh1 Bxe4 28. Qxe4 Bf6 29. Nd5 Qd8 30. Rd2 Rf7 31. Nxf6+ Qxf6 32. Rd3 h6 33. Re3
1/2-1/2

[Event "VIII Weekend B"]
[Site "Porto Sant'Elpidio ITA"]
[Date "2005.11.27"]
[Round "6"]
[White "Trancanelli, Claudio"]
[Black "Ripa', Daniele"]
[Result "1-0"]
[WhiteElo "1693"]
[BlackElo "1548"]
[PlyCount "123"]
[EventDate "2005.11.19"]

1. e4 c5 2. b4 b6 3. Nf3 d6 4. Bc4 Bb7 5. d3 Nd7 6. O-O Ngf6 7. Bg5 e6 8. bxc5
bxc5 9. Nc3 Be7 10. Rb1 Rb8 11. Qd2 O-O 12. Rb3 d5 13. Rfb1 Nb6 14. Bxf6 Bxf6
15. exd5 exd5 16. Bb5 a6 17. Bc4 dxc4 18. Rxb6 Qc7 19. Ne4 Bd4 20. Nxd4 cxd4
21. Qb4 Rfc8 22. Rxb7 Rxb7 23. Qxb7 Qxb7 24. Rxb7 cxd3 25. Rb1 dxc2 26. Rc1 f5
27. Nd2 Kf7 28. Nf3 Rb8 29. Nxd4 Rb1 30. Ne2 Ke6 31. f3 Rxc1+ 32. Nxc1 Kd5 33.
Kf2 Kc4 34. Ke3 Kc3 35. g3 g5 36. Ne2+ Kb2 37. Kd2 a5 38. a4 h5 39. f4 gxf4 40.
gxf4 Kb3 41. Nd4+ Kxa4 42. Kxc2 Kb4 43. Nxf5 Kc5 44. Ne3 Kd4 45. f5 Ke5 46. Kb3
h4 47. Ka4 h3 48. Kxa5 Ke4 49. f6 Kxe3 50. f7 Kf2 51. f8=Q+ Kg2 52. Qf4 Kh1 53.
Kb4 Kg2 54. Kc4 Kg1 55. Kd3 Kg2 56. Ke4 Kg1 57. Kf5 Kg2 58. Kg4 Kg1 59. Kxh3
Kh1 60. Kg3 Kg1 61. Qf2+ Kh1 62. Qg2# 1-0

[Event "C.to Provinciale PC"]
[Site "Piacenza ITA"]
[Date "2005.01.16"]
[Round "4"]
[White "De Santis, Alessio"]
[Black "Salami, Marco"]
[Result "1/2-1/2"]
[WhiteElo "2293"]
[BlackElo "2164"]
[PlyCount "62"]
[EventDate "2005.01.14"]

1. d4 f5 2. h3 Nf6 3. g4 d5 4. Bg2 c5 5. dxc5 Nc6 6. c3 fxg4 7. b4 Bf5 8. hxg4
Bxg4 9. Nf3 Qc7 10. Bg5 O-O-O 11. Qa4 Ne4 12. Bh4 g5 13. Nxg5 Nxg5 14. Bxg5 Qe5
15. Be3 d4 16. b5 h5 17. bxc6 dxe3 18. Qb5 exf2+ 19. Kxf2 Qc7 20. Qxb7+ Qxb7
21. cxb7+ Kb8 22. c6 Bg7 23. a4 Rhf8+ 24. Bf3 Rd6 25. a5 a6 26. Ra4 Rxc6 27.
Re4 Rf7 28. Rxe7 Rxe7 29. Bxc6 Rxe2+ 30. Kg3 Be5+ 31. Kh4 Bf6+ 1/2-1/2

[Event "VI Weekend B"]
[Site "Novara ITA"]
[Date "2005.10.28"]
[Round "1"]
[White "Colombo, Sandro"]
[Black "Barrera, Pietro"]
[Result "0-1"]
[WhiteElo "1712"]
[BlackElo "1888"]
[PlyCount "80"]
[EventDate "2005.10.28"]

1. c4 e6 2. Nc3 f5 3. d4 Nf6 4. Nf3 c6 5. d5 Bb4 6. dxe6 Qa5 7. exd7+ Nbxd7 8.
Bd2 Ne4 9. Nxe4 fxe4 10. Qb3 Bxd2+ 11. Nxd2 Nc5 12. Qe3 O-O 13. a3 Na4 14. b4
Qe5 15. Rc1 Bf5 16. Qb3 Nb6 17. e3 Rad8 18. c5+ Be6 19. Qc2 Nd5 20. Qxe4 Qf6
21. Nf3 Bf5 22. Qc4 Qb2 23. Be2 Rfe8 24. O-O Qxa3 25. Ra1 Qb2 26. Rxa7 Rd7 27.
Nd4 Bg6 28. Nxc6 Bf7 29. Qc1 Qxe2 30. Nd4 Qg4 31. c6 Rc7 32. Rxb7 Qc8 33. Rxc7
Qxc7 34. Qc5 Rb8 35. Nb5 Qb6 36. c7 Rc8 37. Rc1 Qe6 38. Nd6 Rxc7 39. Ra1 h5 40.
Ra8+ Kh7 0-1

[Event "VI Weekend B"]
[Site "Novara ITA"]
[Date "2005.10.28"]
[Round "1"]
[White "Giussani, Igor"]
[Black "Orsi, Matteo"]
[Result "1/2-1/2"]
[WhiteElo "1924"]
[BlackElo "1877"]
[PlyCount "58"]
[EventDate "2005.10.28"]

1. d4 Nf6 2. Nf3 e6 3. c4 c5 4. d5 exd5 5. cxd5 d6 6. Nc3 g6 7. Bg5 Bg7 8. e4
a6 9. a4 O-O 10. Be2 Bg4 11. Nd2 Bxe2 12. Qxe2 Nbd7 13. Nc4 Nb6 14. Ne3 Qc7 15.
a5 Nbd7 16. Nc4 b5 17. axb6 Nxb6 18. Ne3 Nxe4 19. Nxe4 f5 20. O-O fxe4 21. Rxa6
Nd7 22. Rc6 Qb8 23. Be7 Rc8 24. Rxc8+ Qxc8 25. Bxd6 Qb7 26. Qc2 Qxb2 27. Qxe4
Qf6 28. Qe6+ Qxe6 29. dxe6 Nb8 1/2-1/2

[Event "VI Weekend B"]
[Site "Novara ITA"]
[Date "2005.10.28"]
[Round "1"]
[White "Torrione, William"]
[Black "Crimi, Alessandro"]
[Result "1-0"]
[WhiteElo "1883"]
[BlackElo "1940"]
[PlyCount "58"]
[EventDate "2005.10.28"]

1. d4 Nf6 2. c4 c5 3. d5 e6 4. Nc3 exd5 5. Nxd5 Nxd5 6. Qxd5 Be7 7. e4 Nc6 8.
Ne2 d6 9. Nc3 Nd4 10. Bd3 O-O 11. Qh5 g6 12. Qd1 Be6 13. Be3 Bf6 14. O-O Bg7
15. Qd2 Qd7 16. Bh6 Bh8 17. Bxf8 Rxf8 18. Ne2 f5 19. Nxd4 Bxd4 20. exf5 gxf5
21. Kh1 Qg7 22. Rae1 Bd7 23. Re2 Bc6 24. f3 f4 25. b3 Kh8 26. Be4 Be5 27. Bxc6
bxc6 28. Rd1 Rg8 29. Qd3 Qd7 1-0

[Event "VI Weekend B"]
[Site "Novara ITA"]
[Date "2005.10.29"]
[Round "2"]
[White "Crimi, Alessandro"]
[Black "Barrera, Pietro"]
[Result "1/2-1/2"]
[WhiteElo "1940"]
[BlackElo "1888"]
[PlyCount "38"]
[EventDate "2005.10.28"]

1. d4 d5 2. c4 c6 3. Nf3 Nf6 4. Bf4 Bf5 5. Nc3 e6 6. cxd5 exd5 7. e3 Bd6 8. Ne5
O-O 9. h3 h6 10. g4 Bh7 11. g5 hxg5 12. Bxg5 Be7 13. Rg1 Nbd7 14. Bh6 Bg6 15.
Nxg6 fxg6 16. Rxg6 Rf7 17. Bd3 c5 18. Qf3 cxd4 19. Qf5 Nc5 1/2-1/2

[Event "VI Weekend B"]
[Site "Novara ITA"]
[Date "2005.10.29"]
[Round "2"]
[White "Orsi, Matteo"]
[Black "Colombo, Sandro"]
[Result "1-0"]
[WhiteElo "1877"]
[BlackElo "1712"]
[PlyCount "89"]
[EventDate "2005.10.28"]

1. d4 d5 2. c4 dxc4 3. Nc3 e5 4. d5 c6 5. e4 Bb4 6. Bxc4 Nf6 7. Bg5 O-O 8. Nf3
Re8 9. a3 Bxc3+ 10. bxc3 Bg4 11. Qd3 cxd5 12. Bxd5 Nc6 13. O-O Rc8 14. Nd2 Be6
15. c4 Na5 16. Rfc1 b6 17. Rc3 Bxd5 18. cxd5 Rxc3 19. Qxc3 Nxd5 20. Qxe5 Rxe5
21. Bxd8 Re8 22. Bh4 Nc7 23. f3 Ne6 24. Rc1 Nb7 25. Nf1 Nbc5 26. Ne3 Nf4 27.
Kf1 g6 28. Bg3 Nfe6 29. Rc3 f5 30. Nd5 Kf7 31. exf5 gxf5 32. Nf4 Nxf4 33. Bxf4
Ne6 34. Bg3 Rd8 35. Ke2 b5 36. Be5 Rd7 37. f4 Ke7 38. Rh3 Ke8 39. Rh6 Re7 40.
Kf3 Kd7 41. Rf6 Ng7 42. Ra6 Kc8 43. Ra5 Ne6 44. Rxb5 Rd7 45. Rb8# 1-0